IFFHS Men's Club World Ranking - Statistics

General Stats
  • This quiz has been taken 22 times
  • The average score is 40 of 100
Answer Stats
Hint Answer % Correct
England Chelsea
89%
Brazil Corinthians
89%
England Manchester City
89%
Spain Real Madrid
89%
Ecuador | Spain Barcelona
83%
Brazil Internacional
83%
Italy Internazionale Milano
83%
England Liverpool
83%
Brazil Palmeiras
83%
Spain Atletico Madrid
78%
Germany Bayern Munich
78%
Brazil Flamengo
78%
Italy Juventus
78%
England Manchester United
78%
Italy Milan
78%
France Paris Saint-Germain
78%
Brazil São Paulo
78%
Portugal Porto
72%
Netherlands Ajax
67%
Portugal Benfica
67%
Germany Borussia Dortmund
67%
France Olympique Lyonnais
67%
Argentina River Plate
67%
Argentina Boca Juniors
61%
France Monaco
61%
Italy Napoli
61%
Netherlands PSV Eindhoven
61%
Brazil Santos
61%
Brazil Fluminense
56%
France Marseille
56%
Spain Sevilla
56%
Scotland Celtic
50%
Netherlanda Feyenoord
50%
Italy Lazio
50%
Argentina Racing Club Avellaneda
50%
Scotland Rangers
50%
Italy Roma
50%
Saudi Arabia Al Hilal
44%
Germany Bayer 04 Leverkusen
44%
Croatia Dinamo Zagreb
44%
England West Ham
44%
Brazil Athletico Paranaense
39%
Brazil Atlético Mineiro
39%
Greece Olympiakos CFP
39%
Brazil RB Bragantino
39%
Spain Real Sociedad
39%
Switzerland BSC Young Boys
33%
Denmark Copenhagen
33%
Turkey Fenerbahce
33%
Brazil Fortaleza
33%
Paraguay Olimpia
33%
Uruguay Peñarol
33%
Spain Real Betis
33%
Serbia Red Star
33%
Egypt Al Ahly
28%
Italy Atalanta Bergamasca
28%
Colombia Atlético Nacional
28%
Germany Eintracht Frankfurt
28%
Argentina Estudiantes La Plata
28%
Serbia FK Partizan Beograd
28%
Moldova FK Sheriff
28%
Turkey Galatasaray
28%
Uruguay Nacional
28%
Azerbaijan Qarabag
28%
Germany RB Leipzig
28%
Austria Salzburg
28%
Portugal Sporting Lisbon
28%
Paraguay Cerro Porteño
22%
England Leicester City
22%
Paraguay Libertad
22%
France Lille
22%
Israel Maccabi Haifa
22%
Israel Maccabi Tel Aviv
22%
Belgium KAA Gent
17%
Denmark Midtjylland
17%
Czech Republic Slavia Prague
17%
Argentina Vélez Sarsfield
17%
Spain Villareal
17%
Egypt Zamalek
17%
Brazil Atlético Goianiense
11%
Brazil Ceará
11%
Austria LASK Linz
11%
Austria SK Rapid Vienna
11%
Morocco Wydad Casablanca
11%
Norway FK Bodø / Glimt
6%
Ecuador Independiente Valle
6%
South Korea Jeonbuk Hyundai Motors
6%
Colombia Junior
6%
Ecuador LDU Quito
6%
Greece PAOK Thessaloniki
6%
Netherlands SBV Vitesse
6%
Portugal Sporting Braga
6%
France Stade Rennais
6%
South Korea Ulsan Hyundai
6%
Netherlands Alkmaar
0%
Angola Atlético Petro de Luanda
0%
Guatemala CSD Comunicaciones
0%
Colombia Deportes Tolima
0%
Argentina Talleres Córdoba
0%
No matching quizzes found
Score Distribution
Percent of People with Each Score
Percentile by Number Answered
Your Score History
You have not taken this quiz